Lyrics to 'Love Someone' by Lukas Graham - Statistics

General Stats
  • This quiz has been taken 14 times
  • The average score is 221 of 275
Answer Stats
Answer % Correct
a
100%
I
100%
love
100%
me
100%
so
100%
someone
100%
the
100%
The
100%
you
100%
You
100%
do
90%
heart
90%
never
90%
no
90%
not
90%
them
90%
to
90%
up
90%
when
90%
When
90%
your
90%
afraid
80%
and
80%
And
80%
are
80%
else
80%
like
80%
lose
80%
loved
80%
my
80%
myself
80%
open
80%
probably
80%
yeah
80%
You're
80%
you're
80%
be
70%
Cause
70%
go
70%
If
70%
if
70%
I'm
70%
it
70%
make
70%
pinch
70%
real
70%
say
70%
scared
70%
wake
70%
with
70%
all
60%
All
60%
as
60%
by
60%
days
60%
dream
60%
Even
60%
feel
60%
gave
60%
I'd
60%
it's
60%
look
60%
need
60%
one
60%
perfect
60%
room
60%
smile
60%
still
60%
That
60%
There
60%
us
60%
worst
60%
becomes
50%
Don't
50%
don't
50%
Everything
50%
life
50%
ones
50%
stop
50%
time
50%
way
50%
world
50%
bittersweet
40%
But
40%
find
40%
hard
40%
something
40%
til
40%
found
30%
it'd
30%
thought
30%
No matching quizzes found
Score Distribution
Percent of People with Each Score
Percentile by Number Answered
Your Score History
You have not taken this quiz